| 000 | 00377nam a2200157Ia 4500 | ||
|---|---|---|---|
| 008 | 100122s9999 xx 000 0 und d | ||
| 082 |
_b59841 _aB823.08 |
||
| 100 | _aBHANOT RENU | ||
| 245 | _aFOLK TALES OF INDIA | ||
| 250 | _a0 | ||
| 260 |
_bARORA BOOK COMPANY _c2001 |
||
| 300 | _a117 | ||
| 630 | _aFOLK TALES OF INDIA | ||
| 730 | _aFOLK TALES OF INDIA | ||
| 942 | _cBOOK | ||
| 999 |
_c377757 _d377754 |
||